000 00631nam a2200169 i 4500
001 20324
003 ES-MaACL
005 20230906152258.0
007 t|
008 021111s1891 sp |||| | spa d
100 1 _aAguilar y Cano, Antonio.
_918750
245 1 0 _aEstepa
_b: nueva colección de documentos, datos históricos, noticias bibliográficas y biográficas, anécdotas, etc. referentes a la citada ciudad /
_cpor Antonio Aguilar y Cano.
260 _aEstepa :
_b[s.n.],
_c1891 (
_fImp. de Antonio Hermoso Cordero)
300 _a135 p. ;
_c22 cm.
651 4 _aEstepa-
_vMisceláneas.
_9152301
852 _aES-MaACL
_jZ-3-F-20
999 _c20324
_d20324